000 01455cam a2200397 a 4500
999 _c3799
_d3799
003 ALUPE UNIVERSITY
005 20220621133037.0
008 020424s2002 enka b 001 0 eng
020 _a-
040 _cALUPE UNIVERSITY
042 _apcc
050 4 _aRD82
_b.P76 1992
060 0 0 _a2002 F-584
060 1 0 _aWO 245
_bP962 2002
090 _aRD 87.3 H43 P76 2002
_bAEU
245 0 0 _aProblems in ANESTHESIA
_b /Anesthesia and musculoskeletal disorders
_cedited by Anne C.P. Lui, Edward T. Crosby
260 _aPhiladelphia :
_bJ.B. Lippincott Co.,
_c©1991
300 _axi, 177 p. :
_bill. ;
_c26 cm.
336 _atext
_btxt
_2rdacontent
337 _aunmediated
_bn
_2rdamedia
338 _avolume
_bnc
_2rdacarrier
440 _a Problems in anesthesia, v. 5, no. 1.
504 _aIncludes bibliographical references and index.
650 0 _a Anesthesia. Anesthesia Bone Diseases -- surgery
650 0 _aAnesthesia in cardiology
_vCase studies.
650 0 _aAnesthesia
_vMethods.
650 0 _aHeart
_xSurgery.
650 0 _aBlood-vessels
_xSurgery.
650 0 _aChest
_xSurgery.
650 1 2 _aAnesthesia
_xcontraindications
_vCase Reports.
650 1 2 _aAnesthesia
_vmethods
_vCase Reports.
650 2 2 _aCardiac Surgical Procedures
_vmethods
_vCase Reports.
650 2 2 _aThoracic Surgical Procedures
_vmethods
_vCase Reports.
650 2 2 _aVascular Surgical Procedures
_vmethods
_vCase Reports.
942 _2lcc
_cBK
_nMM